000 00332nam a2200133Ia 4500
008 170620s9999 xx 000 0 und d
020 _a9.78935E+12
100 _aGUPTA-PRABHAKAR & GUPTA-V.K.
245 0 _aREMEDIAL MATHAMATICS
260 _bPRAGATI PRAKASHAN MEERUT
260 _c2011
300 _a264
546 _aEnglish
690 _aREMEDIAL MATHAMATICS
999 _c31347
_d31347